Schola cantorum : revista mensual de cultura sacro musical /
Publicación mensual de música sacra editada en Morelia, Michoacán. En este ejemplar se abordan los temas: géneros de música sagrada; El estudio y enseñanza del canto eclesiástico en los seminarios; y la publicación de un documento pontificio acerca de la música sacra.
Сохранить в:
| Формат: | |
|---|---|
| Язык: | испанский |
| Опубликовано: |
Morelia, México :
Schola Cantorum,
1939, c1939
|
| Предметы: | |
| Метки: |
Нет меток, Требуется 1-ая метка записи!
|
MARC
| LEADER | 00000nam^a2200000^a^4500 | ||
|---|---|---|---|
| 001 | 000159572 | ||
| 005 | 20250521000000.0 | ||
| 009 | 20260310100652.392 | ||
| 037 | |a Acervo ITESO - Biblioteca | ||
| 041 | |a ESP | ||
| 082 | |a 785. 105 |b SCH 1939 V. 10 | ||
| 240 | 1 | 1 | |a [Schola cantorum] |
| 245 | 0 | 0 | |a Schola cantorum : |b revista mensual de cultura sacro musical / |c Dir. de Miguel Bernal Jiménez. |
| 264 | 4 | |a Morelia, México : |b Schola Cantorum, |c 1939, c1939 | |
| 300 | |a 24 p. | ||
| 336 | |a texto |b txt |2 rdacontenido | ||
| 337 | |a sin mediación |b n |2 rdamedio | ||
| 338 | |a volumen |b nc |2 rdasoporte | ||
| 520 | |a Publicación mensual de música sacra editada en Morelia, Michoacán. En este ejemplar se abordan los temas: géneros de música sagrada; El estudio y enseñanza del canto eclesiástico en los seminarios; y la publicación de un documento pontificio acerca de la música sacra. | ||
| 649 | |a XX | ||
| 650 | |a Música Sacra - |x Publicaciones Periódicas Mexicanas | ||
| 650 | |a Canto Gregoriano | ||
| 650 | |a Polifonía - |x Teoría | ||
| 650 | |a Música Sacra - |x Teoría | ||
| 650 | |a Virgen de Guadalupe - |x Culto | ||
| 650 | |a Música Vocal - |x Estudio y Enseñanza | ||
| 650 | |a Música Moderna - |x Historia y Crítica | ||
| 650 | |a Recepción y Apreciación de la Música | ||
| 650 | |a Recepción y Apreciación del Arte | ||
| 650 | |a Documentos Pontificios | ||
| 650 | |a Iglesia Católica en México - |x Historia - |y Siglo XX | ||
| 650 | |a Cristianismo - |z México - |x Historia - |y Siglo XX | ||
| 650 | |a Religión - |z México - |x Historia - |y Siglo XX | ||
| 650 | |a Publicaciones Periódicas Mexicanas | ||
| 910 | |a Fondo Salvador Reynoso Reynoso | ||
| 920 | |a Impresos - Libros | ||
| 930 | |a Fondos Especiales | ||
| 905 | |a 112 | ||
| 901 | |a 0500091405 |b IT2 |c ESP |u 20250521 | ||
| 902 | |a https://opac.biblio.iteso.mx/vufind/Record/000159572 | ||